[Event "Glassy Stream Open"]
[Site "Kharkov UKR"]
[Date "2004.07.14"]
[Round "6"]
[White "Gasanov,E"]
[Black "Nester,I"]
[Result "1-0"]
[WhiteElo "2448"]
[BlackElo "2305"]

1.c4 e5 2.g3 d6 3.Bg2 f5 4.Nc3 Nf6 5.d3 g6 6.f4 Bg7 7.Nf3 Nbd7 8.O-O O-O
9.Kh1 c6 10.Be3 Qe7 11.Qd2 Ng4 12.Bg1 e4 13.dxe4 fxe4 14.Ng5 e3 15.Qc1 Nb6
16.h3 Nf2+ 17.Bxf2 exf2 18.Rxf2 h6 19.Nf3 Nxc4 20.Nh4 Kh7 21.e4 g5 22.Nf3 gxf4
23.gxf4 Qf6 24.Ng1 Bd7 25.e5 Qh4 26.Ne4 d5 27.Nf3 Qh5 28.Ng3 Qf7 29.b3 Nb6
30.f5 Qg8 31.Qc2 Bxe5 32.f6+ Kh8 33.Nxe5 Qxg3 34.Ng6+ Kg8 35.Rg1  1-0

[Event "ITT Copa CMSalud"]
[Site "Vicente Lopez ARG"]
[Date "2004.07.14"]
[Round "6"]
[White "Giardelli,S"]
[Black "Valiente,C"]
[Result "1-0"]
[WhiteElo "2434"]
[BlackElo "2323"]

1.c4 e5 2.g3 Nc6 3.Bg2 g6 4.Nc3 Bg7 5.Rb1 a5 6.e3 Nge7 7.Nge2 Nf5 8.O-O d6
9.Nd5 h5 10.h3 Nce7 11.d4 Nxd5 12.cxd5 O-O 13.dxe5 dxe5 14.b3 Nd6 15.Bb2 Bd7
16.Qc2 Rc8 17.Qd2 a4 18.Rbc1 axb3 19.axb3 Qe7 20.Qb4 Rfe8 21.Rfd1 Bf8 22.Rd2 Bb5
23.Nc3 Ba6 24.Na4 b6 25.Rdc2 Bd3 26.Rc6 Bb5 27.Nxb6 Bxc6 28.Nxc8 Nxc8 29.Qxe7 Bxe7
30.Rxc6 Bd6 31.Ra6 Nb6 32.Ba3 Bxa3 33.Rxa3 e4 34.Ra5 Re5 35.Rc5 Nxd5 36.Bf1 Rf5
37.g4 hxg4 38.hxg4 Rg5 39.Kh2 Kg7 40.Bc4 c6 41.b4 Kh6 42.Bxd5 cxd5 43.b5 Re5
44.b6 Re7 45.Rxd5 Rb7 46.Rb5 g5 47.Kg3 Kg6 48.f3 exf3 49.Kxf3 Kf6 50.Ke4 Ke6
51.Rb1 f6 52.Rb2 Kd6 53.Kf5 Ke7 54.e4 Kf7 55.e5 fxe5 56.Kxe5  1-0

[Event "ACT Open"]
[Site "Amsterdam NED"]
[Date "2004.07.17"]
[Round "1"]
[White "Van der Elburg,F"]
[Black "Pliester,L"]
[Result "0-1"]
[WhiteElo "2223"]
[BlackElo "2389"]

1.c4 e5 2.g3 Nf6 3.Bg2 Nc6 4.Nc3 Bb4 5.e3 Bxc3 6.bxc3 O-O 7.d4 d6 8.Qd3 Re8
9.Ne2 e4 10.Qb1 Na5 11.Qb4 b6 12.c5 Ba6 13.Bd2 dxc5 14.dxc5 Bxe2 15.Kxe2 Qd3+
16.Ke1 Nc4 17.Rd1 bxc5 18.Qxc5 Rad8 19.Bf1 Nb2 20.Qa3 Qc2 21.Qb3 Qxd1+ 22.Qxd1 Nxd1
23.Kxd1 Ng4  0-1

[Event "ACT Open"]
[Site "Amsterdam NED"]
[Date "2004.07.21"]
[Round "5"]
[White "Van der Elburg,F"]
[Black "Mchedlishvili,M"]
[Result "1/2-1/2"]
[WhiteElo "2223"]
[BlackElo "2518"]

1.c4 e5 2.g3 Nf6 3.Bg2 Nc6 4.a3 g6 5.Nc3 Bg7 6.e4 d6 7.Nge2 Nd7 8.d3 Nc5
9.b4 Ne6 10.O-O O-O 11.b5 Ncd4 12.Ra2 c6 13.bxc6 bxc6 14.Nxd4 Nxd4 15.Ne2 Ne6
16.Kh1 Rb8 17.f4 Nc5 18.Be3 Qa5 19.f5 Rd8 20.Nc1 Rb1 21.Qf3 f6 22.Qf2 Bd7
23.Qc2 Rdb8 24.d4 Na6 25.dxe5 Qxe5 26.Bf4 Qc5 27.Qd3 Bf8 28.Rd2 gxf5 29.Bxd6 Qxd6
30.Qxd6 Bxd6 31.Rxd6 Nc5 32.exf5 Kf7 33.Rdd1 R8b2 34.Kg1 Rc2 35.Nd3 Rxd1
36.Rxd1 Nxd3 37.Rxd3 Ke7 38.Be4 Rxc4 39.Re3 Kd6 40.Kf2 c5 41.g4 Rd4 42.Kg3 c4
43.Bf3 a5 44.Be2 h6 45.Kf2 h5 46.gxh5 Bxf5 47.Rf3 Ke5 48.Rc3 Bd3 49.Bxd3 cxd3
50.Ke1 Rh4 51.Rxd3 Rxh2 52.Rb3 f5 53.Rb5+ Ke4 54.Rxa5 f4 55.Rb5 Kf3 56.a4 Rh1+
57.Kd2 Kg4 58.Ke2 Rh2+  1/2-1/2

[Event "Open"]
[Site "Balatonlelle HUN"]
[Date "2004.07.21"]
[Round "3"]
[White "Hever,J"]
[Black "Kohalmi,E jr"]
[Result "1-0"]
[WhiteElo "1971"]
[BlackElo "2077"]

1.c4 e5 2.g3 c6 3.Bg2 d5 4.cxd5 cxd5 5.e3 g6 6.Ne2 Bg7 7.O-O Ne7 8.d4 e4
9.Nbc3 O-O 10.Qb3 g5 11.Bd2 b6 12.Rac1 Ba6 13.Qa4 Bd3 14.Rfe1 Nbc6 15.b4 a6
16.a3 Qd6 17.Qb3 b5 18.Kh1 Bc4 19.Qb2 a5 20.Na2 Bxa2 21.Qxa2 axb4 22.Rc5 Rfb8
23.Rb1 bxa3 24.Rbxb5 Rxb5 25.Rxb5 Bf8 26.Nc1 Rb8 27.Rb3 Nc8 28.Bf1 Kg7 29.Bb5 N6a7
30.Qb1 f5 31.Na2 Kf6 32.Nc3 Ke6 33.Bc1 Qd8 34.Bxa3 Bxa3 35.Rxa3 f4 36.Qf1 Nxb5
37.Nxb5 Rb7 38.Qh3+ Kf6 39.Qh6+ Ke7 40.Qc6 Rb6 41.Ra7+ Kf8 42.Qc5+ Kg8 43.Rc7 Ra6
44.Rxc8  1-0

[Event "MTO"]
[Site "Biel SUI"]
[Date "2004.07.21"]
[Round "3"]
[White "Moor,R"]
[Black "Perruchoud,B"]
[Result "0-1"]
[WhiteElo "2409"]
[BlackElo "2185"]

1.c4 e5 2.g3 Nf6 3.Bg2 d5 4.cxd5 Nxd5 5.Nc3 Be6 6.Nf3 Nc6 7.O-O Be7 8.d3 O-O
9.a3 Kh8 10.Bd2 f5 11.Rc1 Nxc3 12.Bxc3 Bf6 13.Nd2 Qd7 14.Bxc6 bxc6 15.Qa4 Bg5
16.Rc2 Bxd2 17.Bxd2 Bd5 18.e4 fxe4 19.dxe4 Qg4 20.f4 Bg8 21.Qxc6 Rad8 22.Qc3 Rd4
23.Qf3 Qxf3 24.Rxf3 exf4 25.Bxf4 Rxe4 26.Rxc7 Re2 27.Rxa7 Bd5 28.Rd3 g5 29.Re3 Rg2+
30.Kf1 gxf4 31.gxf4 Rxf4+ 32.Ke1 Rxb2 33.Re8+ Bg8 34.Raa8 Rg4 35.Kf1 Rxh2
36.a4 h5 37.a5 Kh7 38.Rac8 Bc4+  0-1

[Event "Open"]
[Site "Balatonlelle HUN"]
[Date "2004.07.24"]
[Round "6"]
[White "Kaposztas,M"]
[Black "Balogh,E"]
[Result "1/2-1/2"]
[WhiteElo "2217"]
[BlackElo "2081"]

1.c4 e5 2.g3 Nc6 3.Bg2 g6 4.Nc3 Bg7 5.e3 d6 6.Nge2 Be6 7.d4 exd4 8.Nxd4 Nxd4
9.exd4 c6 10.d5 Bd7 11.O-O Ne7 12.Bg5 O-O 13.Qd2 Rc8 14.Rfe1 f6 15.Bh6 Bxh6
16.Qxh6 Nf5 17.Qd2 c5 18.Ne4 b5 19.b4 cxb4 20.cxb5 Rc4 21.Rac1 Qc7 22.Qb2 Kg7
23.Rxc4 Qxc4 24.Rb1 Bxb5 25.Qxb4 Qxb4 26.Rxb4 Be2 27.h3 h5 28.Kh2 Rf7 29.Nc3 Bd3
30.g4 hxg4 31.hxg4 Nh4 32.Rd4 Bf1 33.Bh1 g5 34.Ne4 Rd7 35.Ng3 Ba6 36.Be4 Bc8
37.Rc4 Bb7 38.Ra4 a6 39.Rb4 Kf7 40.Rb6 Ke7 41.Nh5 Rc7 42.Rb3 Bc8  1/2-1/2

[Event "Specsavers YM"]
[Site "Millfield School ENG"]
[Date "2004.07.24"]
[Round "8"]
[White "Hanley,C"]
[Black "Antal,Ge"]
[Result "1/2-1/2"]
[WhiteElo "2356"]
[BlackElo "2478"]

1.c4 e5 2.g3 c6 3.d4 d6 4.Nc3 Nf6 5.Bg2 Be7 6.e3 O-O 7.Nge2 Be6 8.b3 a5 9.Ba3 Qc7
10.Rc1 Na6 11.Nd5 Bxd5 12.cxd5 c5 13.Nc3 exd4 14.exd4 Qd7 15.dxc5 dxc5 16.O-O Bd6
17.Na4 Qc7 18.Qe2 Nb4 19.Nc3 Rfe8 20.Qc4 Qd7 21.Bb2 Be5 22.Ba1 Qf5 23.Nb5 Rad8
24.a3 Nbxd5 25.Qxc5 b6 26.Qc2 Qxc2 27.Rxc2 g6 28.Rd2 Rd7 29.Rfd1 Bxa1 30.Rxa1 Re5
31.Bf1 Ne7 32.Rxd7 Nxd7 33.Bc4 Rc5 34.f4 Nf5 35.Rd1 Nf6 36.Kf2 a4 37.Rd8+ Kg7
38.Nd4 Nxd4 39.Rxd4 b5 40.Bd3 axb3 41.Rb4 Rc3 42.Ke2 b2 43.Rxb2 Rxa3 44.Bxb5 Ng4
45.Kf1 h5 46.Kg1 h4 47.Be2 Ne3 48.gxh4 Nd5 49.Bc4 Ne3 50.Be2 Ra5 51.Kf2 Nd5
52.f5 gxf5 53.Rb5 Rxb5 54.Bxb5 Kf6 55.Bc4 Nf4 56.Kg3 Ne6 57.Kf3 Ke5 58.h5 Kf6
59.h4 Kg7 60.Bd3 f4 61.Bf5 Kh6  1/2-1/2

[Event "Open Dutch Champ"]
[Site "Dieren NED"]
[Date "2004.07.31"]
[Round "5"]
[White "Van der Elburg,F"]
[Black "Wustefeld,E"]
[Result "1/2-1/2"]
[WhiteElo "2223"]
[BlackElo "2335"]

1.c4 e5 2.g3 Nc6 3.Bg2 g6 4.Nc3 Bg7 5.e4 d6 6.Nge2 Nge7 7.O-O O-O 8.d3 Nd4
9.Nxd4 exd4 10.Ne2 c6 11.b3 Rb8 12.Bb2 c5 13.Qd2 Bd7  1/2-1/2

[Event "Open"]
[Site "Davos SUI"]
[Date "2004.08.02"]
[Round "3"]
[White "Habibi,Al"]
[Black "Stovring,C"]
[Result "0-1"]
[WhiteElo "2269"]
[BlackElo "2032"]

1.c4 e5 2.g3 Bc5 3.Nc3 Nf6 4.d3 c6 5.Nf3 d6 6.Bg2 h6 7.a3 a5 8.Rb1 Na6 9.Bd2 Be6
10.e3 Qd7 11.h3 O-O 12.g4 e4 13.Nxe4 Nxe4 14.dxe4 Bxc4 15.Qc2 b5 16.Bxa5 Bxa3
17.b4 c5 18.Nd2 Nxb4 19.Bxb4 Bxb4 20.Rxb4 cxb4 21.Nxc4 Ra1+ 22.Ke2 Rxh1 23.Nb6 Qa7
24.Nc8 Qa1 25.Ne7+ Kh8 26.Bxh1 Qxh1 27.e5 dxe5 28.Qf5 Rd8  0-1

[Event "It"]
[Site "Charleroi BEL"]
[Date "2004.08.03"]
[Round "5"]
[White "Le Quang,K"]
[Black "Marechal,A"]
[Result "1-0"]
[WhiteElo "2271"]
[BlackElo "2236"]

1.c4 e5 2.g3 Nc6 3.Bg2 Nf6 4.Nc3 Bc5 5.a3 d6 6.e3 Bf5 7.d3 Qd7 8.h3 O-O 9.Nge2 h6
10.g4 Bh7 11.Ng3 a6 12.O-O Rab8 13.b4 Ba7 14.Bb2 Ne7 15.Rc1 c6 16.Nce2 Rbd8
17.Qb3 Rfe8 18.Rfd1 Qc7 19.d4 Ng6 20.Nf5 Ne7 21.Neg3 Nxf5 22.gxf5 Qc8 23.e4 g6
24.c5 Bb8 25.cxd6 Bxd6 26.dxe5 Bxe5 27.Bxe5 Rxe5 28.Qb2 Rde8 29.f4 Nxe4 30.Nxe4 Rxe4
31.Bxe4 Rxe4 32.Qf6 Re8 33.Rc5 Qc7 34.Re5 Rf8 35.Rde1 Qd7 36.Re7 Qd3 37.R7e3 Qd7
38.h4 Qxf5 39.Qxf5 gxf5 40.h5 f6 41.Re7 Rf7 42.Re8+ Kg7 43.Kf2 Rf8 44.R1e7+ Rf7
45.Rxf7+ Kxf7 46.Rh8 Kg7 47.Rb8 Bg8 48.Rxb7+  1-0

[Event "Open Dutch Champ"]
[Site "Dieren NED"]
[Date "2004.08.03"]
[Round "7"]
[White "Van der Elburg,F"]
[Black "Ellenbroek,T"]
[Result "1-0"]
[WhiteElo "2223"]
[BlackElo "2109"]

1.c4 e5 2.g3 Nf6 3.Bg2 c6 4.d4 e4 5.Nc3 d5 6.cxd5 cxd5 7.Nh3 Bxh3 8.Bxh3 Nc6
9.O-O Be7 10.Be3 h5 11.f3 h4 12.g4 exf3 13.Rxf3 O-O 14.Rf5 g6 15.Rf2 Qd7
16.Qd2 Bb4 17.Rxf6  1-0

[Event "XI Summer Open"]
[Site "Nice FRA"]
[Date "2004.08.03"]
[Round "3"]
[White "Leer Salvesen,B"]
[Black "Palac,M"]
[Result "1/2-1/2"]
[WhiteElo "2375"]
[BlackElo "2549"]

1.c4 e5 2.g3 Nf6 3.Bg2 d5 4.cxd5 Nxd5 5.Nf3 Nc6 6.O-O Nb6 7.Nc3 Be7 8.d3 O-O
9.Be3 Re8 10.Rc1 Bf8 11.a3 Nd4 12.Ne4 Bg4 13.Bxd4 exd4 14.Nc5 Bxc5 15.Rxc5 Qd6
16.b4 Re7 17.h3 Bxf3 18.Bxf3 c6 19.Qb3 Nd7 20.Rc2 Re5 21.a4 a6 22.Rfc1 g6
23.Rc4 Rd8 24.Qc2 Re7 25.b5 cxb5 26.axb5 Ne5 27.Rc8 Nxf3+ 28.exf3 axb5 29.Qb3 Rxc8
30.Rxc8+ Kg7 31.Qxb5 Qd7 32.Qc5 b6 33.Qc4 b5 34.Qc5 Qxh3 35.Qxe7 Qxc8 36.Qe5+ Kg8
37.Qxb5  1/2-1/2

[Event "Open Dutch Champ"]
[Site "Dieren NED"]
[Date "2004.08.04"]
[Round "8"]
[White "Odendahl,R"]
[Black "Savchenko,S"]
[Result "1/2-1/2"]
[WhiteElo "2377"]
[BlackElo "2521"]

1.c4 e5 2.g3 Nf6 3.Bg2 Nc6 4.Nc3 Bb4 5.Nd5 Bc5 6.a3 a5 7.e3 d6 8.Ne2 O-O
9.O-O Nxd5 10.cxd5 Ne7 11.d4 exd4 12.Nxd4 Nf5 13.Nxf5 Bxf5 14.Bd2 a4 15.b4 axb3
16.Qxb3 b6 17.a4 Rb8 18.Bc3 Qd7 19.Rfe1 Rfe8 20.Qb5 Qe7 21.e4 Bd7 22.Qb2 Qg5
23.e5 h5 24.Re4 Bf5 25.Rf4 Bd7 26.Re4 Bf5 27.Rf4 Bd7  1/2-1/2

[Event "Open Dutch Champ"]
[Site "Dieren NED"]
[Date "2004.08.04"]
[Round "8"]
[White "Veltman,J"]
[Black "Hartoch,R"]
[Result "1/2-1/2"]
[WhiteElo "2053"]
[BlackElo "2300"]

1.c4 e5 2.g3 d6 3.Bg2 g6 4.Nc3 Bg7 5.d3 f5 6.e4 Nf6 7.Nge2 O-O 8.O-O Nc6
9.Nd5 Nxd5 10.cxd5 Ne7 11.Bd2 c6 12.dxc6 bxc6 13.Qb3+ Kh8 14.Qa3 fxe4 15.dxe4 Bg4
16.f3 Be6 17.Ba5 Qd7 18.Rfd1  1/2-1/2

[Event "Open"]
[Site "Charleroi BEL"]
[Date "2004.08.06"]
[Round "8"]
[White "Foisor,C"]
[Black "Karpatchev,A"]
[Result "0-1"]
[WhiteElo "2438"]
[BlackElo "2484"]

1.c4 e5 2.g3 Nf6 3.Bg2 d5 4.cxd5 Nxd5 5.Nf3 Nc6 6.O-O Nb6 7.d3 Be7 8.Nbd2 O-O
9.a3 a5 10.b3 Be6 11.Bb2 f6 12.Qc2 Qd7 13.e3 Rfd8 14.d4 exd4 15.Nxd4 Nxd4
16.Bxd4 Bd5 17.e4 Bf7 18.Be3 Rac8 19.Rfd1 Qd3 20.Qb2 Bh5 21.Bf1 Qd7 22.Rdc1 Bd6
23.Ra2 Bf7 24.a4 Qe7 25.Qc2 Bb4 26.Nc4 Nd7 27.Bg2 Bg6 28.Rd1 b6 29.Raa1 Nc5
30.f3 Bf7 31.Bh3 Rxd1+ 32.Rxd1 Rd8 33.Bf1 Rd7 34.Be2 Qd8 35.Rxd7 Qxd7 36.Kg2 Ne6
37.e5 Nd4 38.Qd1 Bc5 39.exf6 gxf6 40.Bxd4 Qxd4 41.Qxd4 Bxd4 42.Bd3 h6 43.Kf1 Kf8
44.Ke2 Ke7 45.h4 Kd7 46.Be4 c6 47.g4 Kc7 48.f4 Bc3 49.Bc2 Be6 50.Ne3 Bb4
51.Nf5 Bf8 52.Kf3 Bd5+ 53.Kg3 b5 54.g5 fxg5 55.fxg5 hxg5 56.hxg5 Kb6 57.g6 Kc5
58.Kf4 Kb4 59.Ke5 Bg8 60.Bd1 Kc3 61.Be2 b4 62.g7 Bxg7+ 63.Nxg7 Bxb3 64.Bf3 c5
65.Nf5 Bxa4 66.Ne3 Bb3 67.Bc6 Kd3 68.Ng2  0-1

[Event "Open"]
[Site "Davos SUI"]
[Date "2004.08.07"]
[Round "8"]
[White "Habibi,Al"]
[Black "Littlewood,P"]
[Result "1-0"]
[WhiteElo "2269"]
[BlackElo "2396"]

1.c4 e5 2.g3 Nc6 3.Bg2 d6 4.Nc3 Be6 5.d3 Qd7 6.Rb1 g6 7.Nd5 Bg7 8.Qa4 h6
9.Bd2 Nf6 10.b4 a6 11.h4 Rc8 12.b5 axb5 13.Nxf6+ Bxf6 14.Qxb5 Nd8 15.a4 c6
16.Qb2 Ra8 17.a5 Bg7 18.f4 O-O 19.Bc3 f6 20.e4 exf4 21.gxf4 f5 22.h5 fxe4
23.Bxe4 Bf5 24.Ne2 Bxe4 25.dxe4 Re8 26.Rg1 Bxc3+ 27.Qxc3 Qe7 28.Rxg6+ Kh7
29.Ng3 Rf8 30.Rd1 d5 31.f5 d4 32.Rxd4 Rg8 33.Rdd6 Nf7 34.Qf6 Qxf6 35.Rdxf6 Rg7
36.Re6 Rxa5 37.Re7 Ra1+ 38.Kd2 Ra2+ 39.Ke3 Rg2 40.Ne2 Rg5 41.Nf4 Rg3+ 42.Kd2  1-0

[Event "XI Summer Open"]
[Site "Nice FRA"]
[Date "2004.08.07"]
[Round "7"]
[White "Ranola,Y"]
[Black "Orndahl,M"]
[Result "1-0"]
[WhiteElo "2410"]
[BlackElo "2143"]

1.c4 e5 2.g3 Nf6 3.Bg2 c6 4.d4 e4 5.Nc3 d5 6.cxd5 cxd5 7.Bg5 Bb4 8.Rc1 Nc6
9.e3 O-O 10.Qb3 Be6 11.Ne2 h6 12.Bxf6 Qxf6 13.O-O Rfd8 14.f3 exf3 15.Bxf3 Qg5
16.Nf4 Bxc3 17.Rxc3 Na5 18.Qc2 Nc4 19.Qg2 Rd7 20.h4 Qd8 21.Bxd5 Bxd5 22.Nxd5 Rxd5
23.Rxc4 Qd6 24.Qf3 Rf8 25.Qf4 Qe7 26.e4 Rd7 27.d5 Re8 28.Rfc1 f6 29.Kg2 a6
30.h5 Qe5 31.Qxe5 Rxe5 32.g4 Kf7 33.Kf3 Ke7 34.Rc8 Kd6 35.Kf4 Rde7  1-0

[Event "HZ Open"]
[Site "Vlissingen NED"]
[Date "2004.08.14"]
[Round "9"]
[White "Odendahl,R"]
[Black "Gagunashvili,M"]
[Result "0-1"]
[WhiteElo "2377"]
[BlackElo "2580"]

1.c4 e5 2.g3 Nf6 3.Bg2 d5 4.cxd5 Nxd5 5.Nf3 Nc6 6.O-O Be7 7.Nc3 Nf6 8.a3 a5
9.d3 Be6 10.Be3 Nd5 11.Nxd5 Bxd5 12.Qa4 O-O 13.Rac1 Re8 14.Rfe1 Bf8 15.Ng5 Bxg2
16.Kxg2 h6 17.Ne4 Re6 18.Kg1 Kh8 19.Nc5 Bxc5 20.Rxc5 f5 21.Qb3 Qd7 22.Qd5 Qe7
23.Rc4 Rd8 24.Qf3 e4 25.Qxf5 exd3 26.Rh4 Rxe3 27.fxe3 Qxe3+ 28.Qf2 d2 29.Rd1 Qb3
30.Rxd2 Rxd2 31.Qf8+ Kh7 32.Qf5+ Kg8  0-1

[Event "ch-ESP Abierto"]
[Site "Seville ESP"]
[Date "2004.08.15"]
[Round "3"]
[White "Perez Fungueiro,M"]
[Black "Bernal Moro,L"]
[Result "1/2-1/2"]
[WhiteElo "2266"]
[BlackElo "2425"]

1.c4 e5 2.g3 c6 3.d4 e4 4.Nc3 d5 5.cxd5 cxd5 6.Qb3 Nc6 7.Qxd5 Qxd5 8.Nxd5 Nxd4
9.Nc7+ Kd8 10.Nxa8 Nc2+ 11.Kd1 Nxa1 12.Bh3 Bc5 13.Bf4 Nf6 14.Nc7 Ke7 15.Kc1 Rd8
16.Nb5 Ng4 17.Bxg4 Bxg4 18.Nc3 Bb4 19.f3 Be6 20.fxe4 Bxc3 21.bxc3 Bxa2 22.Kb2 Bc4
23.Kxa1 Rd1+ 24.Kb2 Bxe2 25.Be3 Bf3 26.Nxf3 Rxh1 27.Bxa7 Rf1 28.Nd2 Re1 29.Kc2 g5
30.h4 gxh4 31.gxh4 f5 32.exf5  1/2-1/2

[Event "ch-ESP Abierto"]
[Site "Seville ESP"]
[Date "2004.08.15"]
[Round "3"]
[White "Granados Gomez,M"]
[Black "Calzetta,M"]
[Result "1-0"]
[WhiteElo "2426"]
[BlackElo "2289"]

1.c4 e5 2.g3 Nf6 3.Bg2 Nc6 4.Nc3 Bc5 5.a3 a5 6.e3 O-O 7.Nge2 Re8 8.O-O Bf8
9.d3 Rb8 10.h3 b6 11.f4 Bb7 12.Kh2 exf4 13.gxf4 Ne7 14.e4 Ng6 15.Ng3 d6 16.b4 axb4
17.axb4 d5 18.Nxd5 Nxd5 19.cxd5 Bxb4 20.Bb2 Bd6 21.Nh5 Qh4 22.e5 Nxe5 23.fxe5 Rxe5
24.Bxe5 Bxe5+ 25.Kh1 Bxd5 26.Qg4 Bxg2+ 27.Kxg2 Qxg4+ 28.hxg4 Bxa1 29.Rxa1 g6
30.Ng3 Rd8 31.Ra3 f6 32.Rc3 c5 33.Rb3 Rd6 34.Ne4 Rc6 35.Ra3 f5 36.gxf5 gxf5
37.Ng3 Rf6 38.Kf3 Kf7 39.Ne2 h5 40.Ra7+ Ke6 41.Nf4+ Ke5 42.Nxh5 Rd6 43.Ke3 Rh6
44.Nf4 Rh1 45.Re7+ Kd6 46.Re6+ Kc7 47.Nd5+ Kd7 48.Rxb6 Rh3+ 49.Kd2 Rh4 50.Kc3 Rd4
51.Ne3 f4 52.Nc4 Ke7 53.Ne5 Ra4 54.Rc6 Ra5 55.Ng6+ Kd7 56.Rf6  1-0

[Event "14th Open"]
[Site "Abu Dhabi UAE"]
[Date "2004.08.18"]
[Round "5"]
[White "Vakhidov,T"]
[Black "Raetsky,A"]
[Result "1/2-1/2"]
[WhiteElo "2504"]
[BlackElo "2399"]

1.c4 e5 2.g3 c6 3.d4 e4 4.Nc3 d5 5.Bg2 Nf6 6.cxd5 cxd5 7.Bg5 Bb4 8.Nh3 Bxc3+
9.bxc3 Nbd7 10.f3 exf3 11.exf3 O-O 12.O-O h6 13.Bxf6 Nxf6 14.Nf4 Bf5 15.Re1 Qd6
16.Re5 Bd7 17.Qb3 Bc6 18.Bh3 Rad8 19.Rae1 Bd7 20.Bf1 Bc6 21.Bh3 Bd7 22.Bf1 Bc6
23.Bd3 Nd7 24.Bf1  1/2-1/2

[Event "Open"]
[Site "Kostrena CRO"]
[Date "2004.08.29"]
[Round "4"]
[White "Kuttruf,A"]
[Black "Zilic,A"]
[Result "1/2-1/2"]
[WhiteElo "2002"]
[BlackElo "2044"]

1.c4 e5 2.g3 d5 3.cxd5 Qxd5 4.Nf3 Nd7 5.Bg2 h6 6.O-O Ngf6 7.a3 Bd6 8.b4 Qe6
9.Bb2 O-O 10.d3 a6 11.Nbd2 Nb6 12.Rc1 Bd7 13.d4 Ba4 14.Qe1 e4 15.Ne5 Qa2
16.Nec4 Nxc4 17.Nxc4 b5 18.Nxd6 cxd6 19.Qd2 Qd5 20.Rc3 Rac8 21.Rfc1 Rxc3
22.Rxc3 Bb3 23.f3 Bc4 24.fxe4 Nxe4 25.Bxe4 Qxe4 26.Re3 Qb1+ 27.Bc1 Bd5 28.Qc3 Qf5
29.Re7 Qh3 30.e4 Bc4 31.Qf3 f5 32.e5 dxe5 33.Rxe5 Qg4 34.Qf2 Qd1+ 35.Re1 Qd3
36.Bb2 Bd5 37.Qe3 Qc2 38.Qe2  1/2-1/2

[Event "4th Botvinnik Mem B"]
[Site "Satka RUS"]
[Date "2004.08.31"]
[Round "6"]
[White "Khropov,B"]
[Black "Kremenietsky,AnM"]
[Result "0-1"]
[WhiteElo "2286"]
[BlackElo "2395"]

1.c4 e5 2.g3 d6 3.Bg2 c5 4.b4 cxb4 5.a3 bxa3 6.Bxa3 Nc6 7.Nc3 Nf6 8.Nf3 Be7
9.O-O O-O 10.d4 Re8 11.d5 Na5 12.Nd2 b6 13.Bb4 Nb7 14.Nb5 a6 15.h3 Bd7 16.Na3 Nc5
17.e4 g6 18.f4 Nh5 19.Qf3 exf4 20.gxf4 Bf6 21.Bc3 Bxc3 22.Qxc3 Qh4 23.Qf3 f5
24.Rab1 fxe4 25.Qe3 Ng3 26.Rxb6 Bxh3 27.Rxd6 Bxg2 28.Kxg2 Nxf1 29.Nxf1 Nd3  0-1

[Event "8th WUCC Women"]
[Site "Instanbul TUR"]
[Date "2004.09.08"]
[Round "6"]
[White "Calotescu,A"]
[Black "Khukhashvili,S"]
[Result "1/2-1/2"]
[WhiteElo "2307"]
[BlackElo "2256"]

1.c4 e5 2.g3 f5 3.Bg2 Nf6 4.Nc3 Bb4 5.Qb3 Bxc3 6.Qxc3 Qe7 7.d3 Nc6 8.e3 O-O
9.Ne2 e4 10.d4 Qb4 11.O-O Qxc3 12.Nxc3 a6 13.Bd2 Re8 14.Rac1 Ne7 15.b3 Rb8  1/2-1/2

[Event "FSGM September"]
[Site "Budapest HUN"]
[Date "2004.09.10"]
[Round "7"]
[White "Dearing,E"]
[Black "Paschall,W"]
[Result "1/2-1/2"]
[WhiteElo "2392"]
[BlackElo "2389"]

1.c4 e5 2.g3 Nc6 3.Bg2 f5 4.Nc3 Nf6 5.d3 Bb4 6.Bd2 O-O 7.a3 Bxc3 8.Bxc3 d6
9.Nf3 Qe8 10.O-O f4 11.e3 Qh5 12.exf4 Bg4 13.h3 Bxh3 14.Ng5 Bg4 15.f3 Bd7
16.g4 Qg6 17.Qd2 exf4 18.Nh3 Ne5 19.Nxf4 Qg5 20.b3 Ne8 21.Ne2 Qxd2 22.Bxd2 Nxd3
23.g5 c6 24.f4 Bg4 25.Ng3 Nc7 26.Be4 Nc5 27.Bc2 N7e6 28.Be3 g6 29.f5 gxf5
30.Nxf5 Bxf5 31.Bxf5 b6 32.Rad1 Rad8 33.Rd2 Rf7 34.Rg2  1/2-1/2

[Event "8th WUCC"]
[Site "Instanbul TUR"]
[Date "2004.09.10"]
[Round "7"]
[White "Jianu,V"]
[Black "Shaarbaf,M"]
[Result "1-0"]
[WhiteElo "2429"]
[BlackElo "2332"]

1.c4 e5 2.g3 f5 3.Bg2 Nf6 4.Nc3 Nc6 5.e3 Bb4 6.Nge2 O-O 7.O-O Qe8 8.a3 Bxc3
9.Nxc3 d6 10.d3 Kh8 11.b4 e4 12.Nd5 Nxd5 13.cxd5 Ne5 14.dxe4 fxe4 15.Qc2 Nf3+
16.Bxf3 exf3 17.Qxc7 Bh3 18.Bb2 Rf7 19.Qxd6 Rd8 20.Qe5 Qxe5 21.Bxe5 Bxf1
22.Kxf1 Rxd5 23.Rc1 h5 24.Bd4 a5 25.Ke1 axb4 26.axb4 h4 27.Kd2 Kh7 28.Kd3 hxg3
29.hxg3 Kg6 30.Rc8 Rh5 31.Ke4 Rh2 32.Rc2 Kg5 33.Kd5 Rf5+ 34.Kd6 Rh6+ 35.Kc7 Rf7+
36.Kb8 b5 37.Rc8 Kf5 38.Re8 Re6 39.g4+  1-0

[Event "TCh-SCG Women"]
[Site "Budva SCG"]
[Date "2004.09.12"]
[Round "5"]
[White "Chelushkina,I"]
[Black "Stojanovic,An"]
[Result "0-1"]
[WhiteElo "2373"]
[BlackElo "2136"]

1.g3 e5 2.c4 Nf6 3.Nc3 c6 4.d4 exd4 5.Qxd4 d5 6.Bg2 dxc4 7.Qxd8+ Kxd8 8.Bg5 Be6
9.O-O-O+ Kc8 10.Nf3 h6 11.Bxf6 gxf6 12.Nd4 Bd7 13.Nc2 Kc7 14.Rd2 Be7 15.Rhd1 Rd8
16.Ne3 Be6 17.Rxd8 Bxd8 18.Be4 Nd7 19.Nf5 Nc5 20.Bc2 Bxf5 21.Bxf5 Be7 22.Ne4 a6
23.h4 Rg8 24.Re1 Rd8 25.Rd1 Kb8 26.Kb1 Bd6 27.a4 Rf8 28.Rd2 Rd8 29.Rc2  0-1

[Event "TCh-SCG Men"]
[Site "Budva SCG"]
[Date "2004.09.13"]
[Round "6"]
[White "Simic,R"]
[Black "Ivanisevic,I"]
[Result "1/2-1/2"]
[WhiteElo "2414"]
[BlackElo "2544"]

1.g3 e5 2.c4 Nc6 3.Bg2 Bc5 4.Nc3 d6 5.e3 Nge7 6.Nge2 a6 7.O-O Ba7 8.a3 Bf5
9.d4 O-O 10.h3 h6 11.b4  1/2-1/2

[Event "TCh-CRO"]
[Site "Rabac CRO"]
[Date "2004.09.13"]
[Round "9"]
[White "Sinanovic,M"]
[Black "Fercec,N"]
[Result "1-0"]
[WhiteElo "2407"]
[BlackElo "2474"]

1.c4 e5 2.g3 Nf6 3.Bg2 d5 4.cxd5 Nxd5 5.Nc3 Nb6 6.Nf3 Nc6 7.O-O Be7 8.Rb1 a5
9.d3 O-O 10.Be3 Bg4 11.Na4 Nd5 12.Bc5 Bd6 13.Rc1 Rc8 14.a3 b6 15.Bxd6 Qxd6
16.Rxc6 Qxc6 17.Nxe5 Qe6 18.Nxg4 Nf4 19.gxf4 Qxg4 20.e3 Qh4 21.d4 Rfe8 22.Qf3 Rcd8
23.Nc3 c5 24.d5 Rd6 25.a4 f5 26.Nb5 Rh6 27.h3 Qf6 28.d6 Kh8 29.d7 Rd8 30.Rd1 Qe7
31.Qd5 Rf6 32.Qe5 Qf8 33.Qc7 Qe7 34.Bc6 h6 35.Nd6 Kh7 36.Nb7 Rg6+ 37.Kf1 Qe6
38.Bb5 Qe4 39.Ke2 Qc2+ 40.Rd2 Qc1 41.Qxd8 Rg1 42.Qg8+ Kxg8 43.d8=Q+ Kh7 44.Rd1 Rxd1
45.Qxd1 Qxb2+ 46.Qd2  1-0

[Event "TCh-SCG Women"]
[Site "Budva SCG"]
[Date "2004.09.15"]
[Round "7"]
[White "Miloradovic,J"]
[Black "Paramentic,M"]
[Result "1-0"]
[WhiteElo "2158"]
[BlackElo "2007"]

1.c4 e5 2.g3 g6 3.Bg2 Bg7 4.Nc3 d6 5.Nf3 Nc6 6.O-O Be6 7.d3 h6 8.Rb1 Qd7
9.b4 Bh3 10.b5 Nd8 11.Re1 Bxg2 12.Kxg2 Ne7 13.e4 O-O 14.Nd2 Ne6 15.Nb3 Kh7
16.f3 f5 17.Ne2 Rf7 18.Rf1 Raf8 19.Qc2 Rd8 20.Be3 f4 21.Bxa7 b6 22.g4 Ra8
23.Bxb6 cxb6 24.h4 Ra3 25.Rb2 Nc5 26.Nbc1 Ng8 27.Rh1 Nf6 28.Kf2 Ne8 29.Nc3 Nc7
30.Nb1 Ra7 31.Nc3 N7e6 32.Nd5 Qb7 33.Qb1 Nd4 34.Ne2 Nxe2 35.Kxe2 Ra3 36.Nb4 Rf8
37.Rd2 Rfa8 38.h5 Ne6 39.Qg1 g5 40.Qb1 Kg8 41.Rc1 Nc5 42.Nd5 Qa7 43.Rcc2 Ne6
44.Kf2 Nd4 45.Rb2 Ne6 46.Nb4 Nc5 47.Nd5 Qa5 48.Ke2 Ne6 49.Kf2 Nd4 50.Kg2 Ne6
51.Ne7+ Kf7 52.Nc6 Qc3 53.Rbc2 Qxc2 54.Qxc2 Nc5 55.Nb4 Ne6 56.Nd5 Nd4 57.Qb2 R3a5
58.Nxb6 Rb8 59.Qb4 Ra7 60.Qxd6 Rab7 61.Nd7 Re8 62.Qg6+ Ke7 63.Qxg7+ Kd8 64.Qxh6 Rxd7
65.Qxg5+ Kc8 66.a4 Nb3 67.Rd1 Nc5 68.d4 Nxa4 69.Ra1 Rxd4 70.Rxa4 Rd2+ 71.Kh3 Rc2
72.Ra8+  1-0

[Event "TCh-SCG Women"]
[Site "Budva SCG"]
[Date "2004.09.18"]
[Round "10"]
[White "Foisor,C"]
[Black "Stojanovic,Na"]
[Result "1-0"]
[WhiteElo "2438"]
[BlackElo "2061"]

1.c4 e5 2.g3 g6 3.d4 Bg7 4.dxe5 Bxe5 5.Nf3 Bg7 6.Bg2 Ne7 7.O-O O-O 8.Nc3 d6
9.Bg5 h6 10.Bd2 Be6 11.Qc1 Kh7 12.b3 d5 13.cxd5 Nxd5 14.Rd1 c6 15.e4 Nxc3
16.Bxc3 Qc8 17.Bxg7 Kxg7 18.Qc3+ Kh7 19.Rd3 c5 20.Rc1 Na6 21.h4 Qc7 22.Bf1 Rac8
23.Rd2 Nb8 24.Ne5 Nd7 25.Nxd7 Bxd7 26.h5 b6 27.Qf6 Qd8 28.Qxd8 Rfxd8 29.Rcd1 Rc7
30.hxg6+ Kxg6 31.Bb5 Bxb5 32.Rxd8 c4 33.bxc4 Rxc4 34.R8d4 Rc2 35.R1d2 Rc1+
36.Kg2 Bc6 37.f3 Bb5 38.g4 Bc4 39.Kg3 b5 40.Rd6+ Kg7 41.Ra6 Rg1+ 42.Kf4  1-0

[Event "Georgiev-Kesarovski Mem"]
[Site "Sunny Beach BUL"]
[Date "2004.09.18"]
[Round "1"]
[White "Videnova,I"]
[Black "Janev,E"]
[Result "0-1"]
[WhiteElo "1994"]
[BlackElo "2420"]

1.c4 e5 2.g3 Nf6 3.Bg2 c6 4.Nf3 e4 5.Nd4 d5 6.cxd5 cxd5 7.d3 Qb6 8.e3 Nc6
9.Nxc6 bxc6 10.dxe4 Nxe4 11.O-O Ba6 12.Re1 Bb4 13.Nd2 Nc5 14.Qg4 O-O 15.a3 Nd3
16.Rd1 f5 17.Qd4 Bc5  0-1

[Event "2nd Saipa Cup"]
[Site "Tehran IRI"]
[Date "2004.09.20"]
[Round "10"]
[White "Ghaem Maghami,E"]
[Black "Iuldachev,S"]
[Result "1/2-1/2"]
[WhiteElo "2552"]
[BlackElo "2550"]

1.c4 e5 2.g3 Nc6 3.Bg2 f5 4.d3 Nf6 5.a3 g6 6.Nc3 Bg7 7.e3 O-O 8.Nge2 d6 9.O-O Rb8
10.Bd2 Bd7 11.Rc1 Kh8 12.b4  1/2-1/2